Quizzes
Events
Quiz Creation
Community
Videos
Private Events
Remove Ads
Sign In
Join for FREE
Feedback
Dark Mode
Quiz Categories
Sports
Geography
Music
Movies
Television
Just For Fun
Miscellaneous
History
Literature
Language
Science
Gaming
Entertainment
Religion
Holiday
For Kids
Quiz Lab
Recent
Popular Today
Quiz Kudos Today
Editor Picks
Curator Picks
Quizzes by...
Day
Popularity
Type
Ratings
Length
Year
Community
Subscriptions
Recent Discussions
Orange Saloon
Badges
Playlists
Quests
Create
Leaderboards
Showdown
Live 5
Trivia Bingo
Activity
Puzzle Library
Sporcle Events
Private Events
Virtual Trivia
Globe League
Become a Host
Pub Owners
SporcleCon
Opinionation
Our Games
Videos
Blog
Mobile Apps
Partnerships
Remove Ads and Go Orange
Feedback
Sports
Athletes
MLB
NBA
NHL
NFL
Soccer
Sports Teams
WWE
NCAA
Football
Premier League
Basketball
Baseball
Hockey
Golf
Tennis
Cricket
Rugby
Auto Racing
Olympics
World Cup
Sports
Athletes
MLB
NBA
NHL
NFL
Soccer
Sports Teams
WWE
NCAA
Football
Premier League
Basketball
Baseball
Hockey
Golf
Tennis
Cricket
Rugby
Auto Racing
Olympics
World Cup
Random Quiz
Search Sporcle
×
Quiz Lab
Quiz Lab
Sports
Basketball
Type in answers that appear in a list
Type in answers that appear in a list
Classic
Best Score? Go Orange.
UNC 1st Round NBA Picks Since 1980 Stats
Can you name the North Carolina 1st Round NBA Picks Since 1980?
By
lbalcer25
10m
28 Questions
1,860 Plays
1,860 Plays
1,860 Plays
Comments
Comments
Give Quiz Kudos
Give Quiz Kudos
-
- Ratings
hide this ad
Replay
Link that replays current quiz
Next Quiz
Link to next quiz in quiz playlist
You Got
0%
They Got
Avg Score
56%
Avg Friend Score
Upgrade to see
Score Distribution
Jump to the score distribution portion of the page
Score
0/28
Timer
10:00
1
Play Today
Year
% Correct
1984
Michael Jordan
95.6%
2005
Marvin Williams
84.5%
1998
Vince Carter
84.4%
1982
James Worthy
81.6%
2005
Raymond Felton
81%
2009
Tyler Hansbrough
80.5%
2005
Sean May
79.7%
2009
Ty Lawson
76.8%
1998
Antawn Jamison
75.9%
1995
Rasheed Wallace
68%
2005
Rashad McCants
66.9%
1995
Jerry Stackhouse
66.1%
2009
Wayne Ellington
64.6%
1984
Sam Perkins
64.1%
Year
% Correct
1986
Brad Daugherty
58%
1994
Eric Montross
53.6%
2001
Joseph Forte
51.5%
1987
Kenny Smith
49%
2007
Brendan Wright
44.9%
1992
Hubert Davis
42.4%
2001
Brendan Haywood
40.7%
1991
Rick Fox
36.2%
1993
George Lynch
35.2%
1989
J.R. Reid
34.2%
1987
Joe Wolf
18.7%
1981
Al Wood
18.3%
1991
Pete Chilcutt
17.2%
1980
Mike Okoren
14.1%
Quiz Playlist
Details
Report
Send in Message
Add To Playlist
Classic:
Type in answers that appear in a list
Last Updated: Feb 16, 2017
Quiz Scoreboard
CHALLENGE
Sign Up to Join the Scoreboard
Show All
Scores
Hide
Comments
May contain spoilers
Recently Published
NBA Finals Game Top Scorers (2010s)
by flibbidy
Sports
5m
Guess the 'R' Things in 3 Words
by MSUKent
Miscellaneous
3m
Actor to Badly Drawn Movie III
by MoMosMoProblems
Movies
5m
More to Explore
Quiz From the Vault
Featured Blog Post
Where Does Lost Luggage Go?
hide this ad
You Might Also Like...
Tags
Basketball Quiz
NBA Quiz
1980
1980s
1st Round
carolina
north
North Carolina
round
team
University of North Carolina
Today's Top Quizzes in Sports
Browse Sports
hide this ad
Today's Top Quizzes in Basketball
Browse Basketball
Top Contributed Quizzes in Sports
1
Les joueurs à 100 buts en Ligue 1 Uber Eats
2
2022 World Cup Stars
3
2024 March Madness Bracket
4
Millionaire: NBA Finals Edition
5
Players with Multiple 50 Home Run Seasons
6
Criteria MLB: Left Handed Sluggers
7
Nickname Match: Athletes VI
8
Iconic Moments in Football - Multiple Choice
9
NFL MVPs ordered
10
NBA Championships Per City
Explore More
Trending Topics
Harry Potter
Marvel
Crossword
Disney
Kpop
Anime
NBA
Puzzle
Soccer
Country
Song
NFL
Pokémon
WWE
The Office
hide this ad
More By:
lbalcer25
Quiz
Plays
Rating
Category
Featured
Created
NFL Single Season QB Rating
5,590
4.46
Sports
Dec 19, 2009
NBA's Single Season Scoring Leaders
5,007
4.53
Sports
Jan 4, 2010
NBA's 2nd Overall Pick Since 1990
2,270
3.54
Sports
Dec 19, 2009
UNC 1st Round NBA Picks Since 1980
1,860
3.50
Sports
Dec 19, 2009
NFL Top 5 Passing Leaders 1970-2009
1,196
3.25
Sports
Jan 7, 2010
Go to Creator's Profile
Score Distribution
Quiz Creator Spotlight
lbalcer25
Follow
Send a Message
Quizzes Created
-
Created Quiz Play Count
-
More By This Creator
Popular Quizzes Today
1
Find the US States - No Outlines Minefield
2
Find the US States
3
The Countries of the World
4
10 Largest US States in Order
5
Find the Countries of Europe - No Outlines Minefield
6
US States
7
Guess the 'R' Things in 3 Words
8
NBA Finals Game Top Scorers (2010s)
More Sports Quizzes
Top-20 Transfers PSG
Quiz Lab
Trending Quizzes
First Name TV: Leading Men
First Name TV: Leading Women Drama
Match the Book to the Film II
Pick A Pair: Religious TV
Match the Book to the Film VI
Recently Updated
Women's Final Four Teams by Year
bhenderson79
Presidents Quartet II
eogle
Anything But Clue(do)
eogle
Anything But Oceanian Capitals
eogle
Anything But 7
eogle
Anything But Thing
eogle
Word Ladder: February 29
pecheneg
Song Title Questions
pecheneg
Women's NCAA Tournament #1 Seeds
pecheneg
Celebrity Mug Shots
pecheneg
Trending Topics
Disney
NBA
Harry Potter
Kpop
Marvel
Anime
Crossword
WWE
Puzzle
Pokémon
Soccer
The Office
Song
Country
NFL
Your Account Isn't Verified!
In order to create a playlist on Sporcle, you need to verify the email address you used during registration. Go to your
Sporcle Settings
to finish the process.
Report this User
Report this user for behavior that violates our
Community Guidelines
.
Details:
Send Report
Go to the Sporcle.com Mobile Site →
Comments